000 00754 a2200241 4500
999 _c13481
_d13481
003 MIRAKIL
005 20190917144430.0
008 190917b tu ||||| |||| 00| 0 tur d
020 _a9789750511059
040 _aTR-AnCHP
_cTR-AnCHP
041 _atur
082 _a306.28
_bS29p 2012
100 _aSaymaz, İsmail
245 1 0 _aPolisin eline düşünce sıfır tolerans /
_cİsmail Saymaz.
250 _a2 bs.
260 _aİstanbul:
_bİletişim yayınları,
_c2012.
300 _a336 s.:
_bfotg.;
_c20 sm.
490 0 _aİletişim yayınları;
_aBugünün kitapları;
_v1805.
_v 141.
504 _aBibliyografik bilgi içermektedir.
650 0 _95975
_aPolis
_xşiddet
_zTürkiye
650 0 _9500
_aİnsan hakları
_xTürkiye
942 _2ddc
_cBKS